Propagation of a soliton-like pulse in a weakly nonlinear medium; Russian Physics Journal; Vol. 38, iss. 4

Bibliografiske detaljer
Parent link:Russian Physics Journal: Scientific Journal
Vol. 38, iss. 4.— 1995.— [P. 359-363]
Hovedforfatter: Donchenko V. A.
Andre forfattere: Kreidun Yu. A., Shapovalov A. V. Aleksandr Vasilyevich
Summary:Title screen
Numerical methods are used to study the decay dynamics of a soliton-like signal in a medium with a cubic nonlinearity (using the nonlinear Shrodinger equation). We consider the influence of the initial pulse area, shape, and random modulations in its amplitude and phase on the decay process, as well as the effects of absorption and pumping in the medium
Режим доступа: по договору с организацией-держателем ресурса
Sprog:engelsk
Udgivet: 1995
Fag:
Online adgang:http://link.springer.com/article/10.1007%2FBF00560098
Format: MixedMaterials Electronisk Book Chapter
KOHA link:https://koha.lib.tpu.ru/cgi-bin/koha/opac-detail.pl?biblionumber=636603

MARC

LEADER 00000nla0a2200000 4500
001 636603
005 20250401090146.0
035 |a (RuTPU)RU\TPU\network\633 
035 |a RU\TPU\network\632 
090 |a 636603 
100 |a 20140218d1995 k||y0rusy50 ba 
101 0 |a eng 
102 |a US 
135 |a drnn ---uucaa 
181 0 |a i  
182 0 |a b 
200 1 |a Propagation of a soliton-like pulse in a weakly nonlinear medium  |f V. A. Donchenko, Yu. A. Kreidun, A. V. Shapovalov 
203 |a Text  |c electronic 
300 |a Title screen 
320 |a [References: p. 363 (7 tit.)] 
330 |a Numerical methods are used to study the decay dynamics of a soliton-like signal in a medium with a cubic nonlinearity (using the nonlinear Shrodinger equation). We consider the influence of the initial pulse area, shape, and random modulations in its amplitude and phase on the decay process, as well as the effects of absorption and pumping in the medium 
333 |a Режим доступа: по договору с организацией-держателем ресурса 
461 |t Russian Physics Journal  |o Scientific Journal 
463 |t Vol. 38, iss. 4  |v [P. 359-363]  |d 1995 
610 1 |a электронный ресурс 
610 1 |a труды учёных ТПУ 
700 1 |a Donchenko  |b V. A. 
701 1 |a Kreidun  |b Yu. A. 
701 1 |a Shapovalov  |b A. V.  |c mathematician  |c Professor of Tomsk Polytechnic University, Doctor of physical and mathematical sciences  |f 1949-  |g Aleksandr Vasilyevich  |3 (RuTPU)RU\TPU\pers\31734 
801 2 |a RU  |b 63413507  |c 20180306  |g RCR 
856 4 |u http://link.springer.com/article/10.1007%2FBF00560098 
942 |c CF